[Event "39th Rilton Cup"]
[Site "Stockholm SWE"]
[Date "2009.12.29"]
[Round "3"]
[White "Ulibin,M"]
[Black "Akesson,R"]
[Result "1/2-1/2"]
[WhiteElo "2548"]
[BlackElo "2454"]

1.d4 Nf6 2.c4 e6 3.Nc3 Bb4 4.f3 d5 5.a3 Bxc3+ 6.bxc3 c5 7.cxd5 Nxd5 8.dxc5 Qa5
9.e4 Nc7 10.Qd4 e5 11.Qxe5+ Ne6 12.Bd2 Nd7 13.Qd6 Ndxc5 14.c4 Qa4 15.Ne2 Qd7
16.Qxd7+ Bxd7 17.Be3 Na4 18.Ng3 O-O 19.Nf5 Nec5 20.Ne7+ Kh8 21.g4 Be6 22.h4 Nb3
23.Rb1 Na5 24.Rb4 Nb6 25.Nd5 Nd7 26.Be2 Rfc8 27.Kf2 b6 28.Rc1 Nb7 29.g5 Nd6
30.h5 Rd8 31.h6 g6 32.Bd4+ Kg8 33.Bg7 f5 34.gxf6 Kf7 35.Ke3 Rac8 36.Nf4 Nxf6
37.Nxe6 Kxe6 38.Bd3 Nde8 39.Rb5 Kf7 40.Rg5 Nxg7 41.hxg7 Kxg7 42.e5 Nd5+ 43.cxd5 Rxc1
44.d6 Ra1 45.Rg2 Rxa3 46.Rc2 h5 47.Rg2 Kf7 48.Kd4 h4 49.Bxg6+ Ke6 50.Bc2 Rxf3
51.Rg6+ Kd7 52.Kd5 Kc8 53.e6 Rf2 54.e7 Rd2+ 55.Ke5 Rxc2 56.exd8=Q+ Kxd8 57.Rg8+ Kd7
58.Rg7+ Kd8 59.Rg8+  1/2-1/2

[Event "39th Rilton Cup"]
[Site "Stockholm SWE"]
[Date "2009.12.29"]
[Round "3"]
[White "Richter,Mic"]
[Black "Ivanov,Sergey1"]
[Result "1/2-1/2"]
[WhiteElo "2412"]
[BlackElo "2530"]

1.d4 e6 2.c4 Nf6 3.Nc3 Bb4 4.f3 Nc6 5.e4 d5 6.cxd5 exd5 7.e5 Ng8 8.Be3 Nh6
9.Bb5 Bd7 10.Bxc6 Bxc6 11.Ne2 Nf5 12.Bf2 O-O 13.O-O f6 14.g4 Nh6 15.Nf4 Re8
16.exf6 Bxc3 17.bxc3 Qxf6 18.Bg3 Nf7 19.Qb3 Re3 20.Rae1 Rae8 21.Nxd5 Bxd5
22.Qxd5 h6 23.Rxe3 Rxe3 24.Qxb7 Ng5 25.Qc8+ Kh7 26.Qf5+ Qxf5 27.gxf5 Rxc3
28.Kg2 c5 29.d5 Rd3 30.d6 Nf7 31.Rc1 Rd5 32.Rc3 Nxd6 33.Bxd6 Rxd6 34.Rxc5 Rd2+
35.Kg3 Rxa2 36.Rc7 Kg8 37.h3 a5 38.Ra7 a4 39.Kf4 a3 40.Ra8+ Kf7 41.Ra7+ Kf6
42.Ra6+ Kf7 43.Ra7+ Kf6  1/2-1/2

[Event "18th Donau Open"]
[Site "Aschach AUT"]
[Date "2009.12.31"]
[Round "7"]
[White "Aschenbrenner,R"]
[Black "Nurbekoglu,M"]
[Result "1-0"]
[WhiteElo "2246"]
[BlackElo "2170"]

1.d4 Nf6 2.c4 e6 3.Nc3 Bb4 4.f3 c5 5.d5 b5 6.e4 bxc4 7.Bxc4 exd5 8.Bxd5 Nxd5
9.Qxd5 Nc6 10.Ne2 O-O 11.O-O Qf6 12.Be3 Ba6 13.Rfb1 Rac8 14.Bxc5 d6 15.Bxb4 Nxb4
16.Qd2 Bxe2 17.Qxe2 Qd4+ 18.Kf1 f5 19.Rd1 Qe5 20.a3 Nc6 21.Qc4+ Kh8 22.Kg1 Na5
23.Qd5 Nc4 24.Qxe5 dxe5 25.Na4 Ne3 26.Rd2 Rc4 27.b3 Rd4 28.Rxd4 exd4 29.exf5 Rxf5
30.Rc1 h5 31.Kf2 Re5 32.Nc5 Kh7 33.h4 Nf5 34.Ne4 Nxh4 35.Rc7 Ra5 36.a4 Nf5
37.Nc5 Ne7 38.Ne6 Nf5 39.Rd7  1-0

[Event "ch-NZL"]
[Site "Auckland NZL"]
[Date "2010.01.03"]
[Round "2"]
[White "Krstev,M"]
[Black "Croad,N"]
[Result "0-1"]
[WhiteElo "2103"]
[BlackElo "2271"]

1.d4 Nf6 2.c4 e6 3.Nc3 Bb4 4.f3 c5 5.d5 b5 6.e4 bxc4 7.Bxc4 Nxd5 8.Bxd5 exd5
9.Qxd5 Nc6 10.Ne2 Ba6 11.Kf2 Rb8 12.Bg5 Qa5 13.Rab1 O-O 14.a3 Bxc3 15.Nxc3 Rfe8
16.Bf4 Rbc8 17.Rhd1 Qb6 18.Qg5 h6 19.Qg4 Re6 20.Rxd7 Nd4 21.b3 Qa5 22.Nd5 Qxa3
23.Bc1 Qa5 24.Ne7+ Kh7 25.Nd5 Qb5 26.Rxf7 Rg8 27.Nf4 Qf1+ 28.Kg3 Ne2+ 29.Kh4 Qf2+
30.g3 Nxf4 31.Bxf4 Rg6 32.Qh3 Bc8 33.Rf1 Qb2 34.g4 Qxb3 35.Rxa7 Rf8 36.Be5 Qe3
37.Rxg7+ Rxg7 38.Bxg7 Kxg7 39.Qg3 Qg5+ 40.Kh3 Qf4 41.Qxf4 Rxf4 42.Kg3 Rf7
43.Rc1 Rc7 44.f4 c4 45.Kf3 c3 46.Ke3 Bxg4 47.Rg1 c2 48.Kd2 h5 49.Kc1 Kf6
50.h4 Bd1  0-1

[Event "39th Rilton Cup"]
[Site "Stockholm SWE"]
[Date "2010.01.04"]
[Round "8"]
[White "Richter,Mic"]
[Black "De Verdier,M"]
[Result "1-0"]
[WhiteElo "2412"]
[BlackElo "2270"]

1.d4 Nf6 2.c4 e6 3.Nc3 Bb4 4.f3 d5 5.a3 Bxc3+ 6.bxc3 c5 7.cxd5 Nxd5 8.dxc5 f5
9.Nh3 Qa5 10.Nf4 Nc6 11.Nxd5 exd5 12.Qd3 O-O 13.Bf4 Qxc5 14.e3 Re8 15.Be2 Ne5
16.Qd4 Qxd4 17.cxd4 Ng6 18.Bb5 Re6 19.Kd2 Nxf4 20.exf4 Rb6 21.Rab1 Be6 22.a4 Rc8
23.a5 Rd6 24.Bd3 Rc7 25.g4 Rf7 26.gxf5 Bxf5 27.Bxf5 Rxf5 28.Rxb7 Rxf4 29.Rg1 Rf7
30.Rb8+ Rf8 31.Rgb1 Rh6 32.Rxf8+ Kxf8 33.Rb7 Rxh2+ 34.Kc3 a6 35.Rb6 Rh6 36.Kb4 Ke7
37.Rb7+ Kd6 38.Ra7 Kc6 39.Rxa6+ Kb7 40.Rxh6 gxh6 41.Kc3 h5 42.Kd2  1-0

[Event "ch-NZL"]
[Site "Auckland NZL"]
[Date "2010.01.06"]
[Round "5"]
[White "Krstev,A"]
[Black "Steadman,M"]
[Result "1-0"]
[WhiteElo "2040"]
[BlackElo "2263"]

1.d4 Nf6 2.c4 e6 3.Nc3 Bb4 4.f3 d5 5.a3 Be7 6.e4 dxe4 7.fxe4 e5 8.d5 Bc5
9.Bg5 a5 10.Nf3 h6 11.Bh4 Qe7 12.Bd3 O-O 13.Na4 Ba7 14.c5 Bd7 15.b4 Bxa4
16.Qxa4 Nbd7 17.Bxf6 Nxf6 18.Qd1 b6 19.Qc2 axb4 20.axb4 bxc5 21.b5 c4 22.Qxc4 Ng4
23.Qc3 f5 24.Qc4 Kh8 25.Ke2 Ne3 26.Qc3 Nxg2 27.Nxe5 Qg5 28.exf5 Nf4+ 29.Kd1 Nxd5
30.Qc6 Ne3+ 31.Ke2 Qh5+ 32.Kd2 Nxf5 33.Ng6+ Kg8 34.Qd5+ Kh7 35.Nxf8+ Rxf8
36.Rxa7  1-0

[Event "Noteboom Mem"]
[Site "Leiden NED"]
[Date "2010.01.12"]
[Round "1"]
[White "Van Ketel,R"]
[Black "Meijers,V"]
[Result "1/2-1/2"]
[WhiteElo "2242"]
[BlackElo "2470"]

1.d4 Nf6 2.c4 e6 3.Nc3 Bb4 4.f3 c5 5.d5 exd5 6.cxd5 O-O 7.e4 d6 8.Ne2 Nh5
9.g4 Qh4+ 10.Kd2 Nf6 11.Qe1 Qxe1+ 12.Kxe1 Nbd7 13.a3 Ba5 14.Ng3 g6 15.Kf2 Ne5
16.h3 a6 17.a4 Ne8 18.Bh6 Ng7 19.f4 Nd7 20.Rg1 f6 21.Rg2 Re8 22.Be2 Re7 23.Kf3 Nf8
24.Nf5 gxf5 25.gxf5 Ra7 26.Rag1 b6 27.Nd1 b5 28.Ne3 Rf7 29.axb5 axb5 30.Bxb5 Rae7
31.Ng4 Ng6 32.fxg6 hxg6 33.Ne3 g5 34.Bxg7 Rxg7 35.fxg5 fxg5 36.Rxg5 Bxh3
37.R1g3 Rxg5 38.Rxg5+ Rg7 39.Rxg7+ Kxg7 40.Nc4 Bc7 41.Ne3 Kf6 42.Kf4 Bc8
43.Be2 Ba5 44.Nc4 Bc7 45.Na3 Ba5 46.Bb5 Bd2+ 47.Kf3 Kg5 48.Nc4 Bg4+ 49.Kf2 Bf4
50.Ba4 Bc8 51.Bb5 Bg4 52.Ba4 Bh3 53.Bb5 Bh2 54.Bc6 Bg4 55.Kg2 Bf4 56.Kf2 Kf6
57.Ba4 Bh5 58.Bc2 Kg5 59.Kg2 Be2 60.b3 Kf6 61.Kf2 Bh5 62.Kg2 Be5 63.Kf2 Bf4
64.Kg2 Kg5 65.Kf2  1/2-1/2

[Event "8th Parsvnath Open"]
[Site "New Delhi IND"]
[Date "2010.01.14"]
[Round "1"]
[White "Sarkar,J"]
[Black "Mohanan,C"]
[Result "1-0"]
[WhiteElo "2378"]
[BlackElo "1724"]

1.d4 Nf6 2.c4 e6 3.Nc3 Bb4 4.f3 d5 5.a3 Bxc3+ 6.bxc3 c5 7.cxd5 exd5 8.e3 O-O
9.Bd3 Re8 10.Ne2 Nc6 11.O-O a5 12.a4 cxd4 13.cxd4 Nb4 14.Bb1 Bd7 15.Nc3 Rc8
16.Ra3 Bc6 17.Qe1 Rc7 18.Qh4 h6 19.Rd1 Qe7 20.Re1 Rec8 21.Bb2 Qf8 22.e4 g5
23.Qf2 Re8 24.e5 Rce7 25.Rb3 Nd7 26.Ba3 f6 27.Bg6 fxe5 28.Bxe8 Rxe8 29.Nb5 Nb6
30.dxe5 Nc4 31.Bxb4 axb4 32.Qd4 Re6 33.Nc7 Qc8 34.Nxe6 Qxe6 35.Rxb4 Nd6 36.Qb6 Nf5
37.a5  1-0

[Event "TCh-AUT 2009-10"]
[Site "Graz AUT"]
[Date "2010.01.16"]
[Round "6"]
[White "Hausner,I"]
[Black "Kraemer,Mart"]
[Result "0-1"]
[WhiteElo "2460"]
[BlackElo "2482"]

1.d4 Nf6 2.c4 e6 3.Nc3 Bb4 4.f3 d5 5.a3 Bxc3+ 6.bxc3 c5 7.cxd5 Nxd5 8.dxc5 f5
9.e4 fxe4 10.Qc2 O-O 11.fxe4 Nf4 12.Nf3 Qc7 13.Be3 Nd7 14.Bc4 Nxc5 15.O-O Bd7
16.Nd4 b6 17.Nf5 Ng6 18.Bd4 Rf7 19.Ng3 Raf8 20.Rxf7 Rxf7 21.Rf1 Rxf1+ 22.Bxf1 e5
23.Be3 Be6 24.c4 Qc6 25.Qd1 Nf8 26.Qh5 Ncd7 27.Qe8 Bxc4 28.Bxc4+ Qxc4 29.Qe7 g6
30.h4 Qc3 31.Nf1 Qc6 32.Nd2 Qf6 33.Qxf6 Nxf6 34.Kf1 Kf7 35.Ke2 Ke6 36.Kd3 N8d7
37.Kc4 a6 38.a4 Ng4 39.Bg1 Kd6 40.Nb3 Kc6 41.a5 b5+ 42.Kb4 Ngf6 43.Nd2 Kd6
44.Ba7 h5 45.g3 Ng8 46.Kc3 Ngf6 47.Kb4 Kc7 48.Kc3 Ne8 49.Bf2 Nd6 50.Kb4 Nf6
51.Nf3 Ng4 52.Bb6+ Kc6 53.Ng5 Nf6 54.Ba7 Nfxe4 55.Ne6 Nxg3 56.Nf8 Nc4 57.Nxg6 e4
58.Kc3 Nxa5 59.Kd4 Kb7  0-1

[Event "8th Parsvnath Open"]
[Site "New Delhi IND"]
[Date "2010.01.19"]
[Round "8"]
[White "Bitan,B"]
[Black "Karthikeyan,P"]
[Result "0-1"]
[WhiteElo "2316"]
[BlackElo "2408"]

1.d4 Nf6 2.c4 e6 3.Nc3 Bb4 4.f3 d5 5.a3 Bxc3+ 6.bxc3 c5 7.cxd5 Nxd5 8.dxc5 f5
9.Nh3 Qa5 10.Qd2 Qxc5 11.e3 Nc6 12.c4 Nb6 13.Qc3 e5 14.a4 Be6 15.Bd2 O-O-O
16.Ng5 Bg8 17.a5 Nd7 18.Be2 h6 19.Nh3 Nf6 20.Nf2 e4 21.f4 Bf7 22.O-O a6 23.Rfb1 Rd7
24.Bc1 Bh5 25.Bf1 Rhd8 26.Ba3 Qxa5 27.Bb4 Qc7 28.Bc5 Re8 29.Bb6 Qd6 30.c5 Qd2
31.Qa3 Rd3 32.Nxd3 exd3 33.Qxd3 Qxe3+ 34.Qxe3 Rxe3 35.Re1 Rc3 36.Rac1 Rxc1
37.Rxc1 Nd5 38.Bd3 g6 39.Bc4 Nxf4 40.Re1 Kd7 41.Kf1 Nd4 42.g3 Nh3 43.Re5 Bf3
44.Re3 Ng5 45.h4 Ne4 46.Ke1 Nc2+  0-1

[Event "2nd Chennai Open"]
[Site "Chennai IND"]
[Date "2010.01.26"]
[Round "3"]
[White "Bitan,B"]
[Black "Jumabayev,R"]
[Result "1/2-1/2"]
[WhiteElo "2316"]
[BlackElo "2536"]

1.d4 Nf6 2.c4 e6 3.Nc3 Bb4 4.f3 d5 5.a3 Be7 6.e4 dxe4 7.fxe4 e5 8.d5 Bc5
9.Nf3 Bg4 10.h3 Bxf3 11.Qxf3 c6 12.Bg5 Nbd7 13.O-O-O a5 14.g4 a4 15.Bh4 Qb6
16.g5 Ng8 17.d6 Be3+ 18.Kb1 Bd4 19.Be2 Nc5 20.Bf2 Ne6 21.Rhf1 Bxf2 22.Rxf2 Nxg5
23.Qg3 f6 24.Rff1 Nh6 25.Bh5+ Kd8 26.Bg4 Qb3 27.Qg1  1/2-1/2

[Event "8th Gibtelecom Masters"]
[Site "Caleta ENG"]
[Date "2010.01.29"]
[Round "4"]
[White "Montero Melendez,R"]
[Black "Johnson,P"]
[Result "1-0"]
[WhiteElo "2248"]
[BlackElo "1904"]

1.d4 Nf6 2.c4 e6 3.Nc3 Bb4 4.f3 d5 5.a3 Bxc3+ 6.bxc3 c5 7.cxd5 exd5 8.e3 O-O
9.Bd3 Nc6 10.Ne2 Re8 11.O-O Qe7 12.Ng3 g6 13.Ra2 Be6 14.Bb1 Nd7 15.Raf2 f5
16.e4 fxe4 17.fxe4 Rf8 18.c4 Rxf2 19.Rxf2 Nxd4 20.exd5 Bf7 21.Ne4 Re8 22.Bg5 Qe5
23.Qf1 Qg7 24.Nd6 Rf8 25.Be7 Ne5 26.Bxf8 Qxf8 27.Nxf7 Nxf7 28.Qd3 Qe7 29.Qe4 Ne5
30.Rf1 Qg5 31.d6 Nef3+ 32.Rxf3 Nxf3+ 33.Qxf3 Qc1+ 34.Qf1 Qe3+ 35.Kh1 Qd2
36.Be4 Qxd6 37.Bxb7 Qe7 38.Bd5+ Kg7 39.g3 Qc7 40.Qa1+ Kh6 41.Qf6 Qb8 42.Qf4+ Qxf4
43.gxf4 g5 44.f5 Kg7 45.Kg2 Kf6 46.Be6 Ke5 47.Kg3 h5 48.h4  1-0

[Event "8th Gibtelecom Masters"]
[Site "Caleta ENG"]
[Date "2010.01.30"]
[Round "5"]
[White "Meskovs,N"]
[Black "Collier,D"]
[Result "1/2-1/2"]
[WhiteElo "2264"]
[BlackElo "2118"]

1.d4 Nf6 2.c4 e6 3.Nc3 Bb4 4.f3 d5 5.a3 Bxc3+ 6.bxc3 c5 7.cxd5 Nxd5 8.dxc5 Qa5
9.e4 Nf6 10.Be3 Nfd7 11.Qd4 O-O 12.Qb4 Qc7 13.Bb5 Nc6 14.Bxc6 bxc6 15.Qa4 Rb8
16.Nh3 Rb5 17.c4 Qa5+ 18.Qxa5 Rxa5 19.Nf2 Ne5 20.Bd2 Ra4 21.Bb4 a5 22.Bc3 Nxc4
23.Nd3 f6 24.Kf2 Rxa3 25.Rxa3 Nxa3 26.Bxa5 Nb5 27.e5 Rf7 28.Re1 Ra7 29.Bb6 Ra4
30.g4 Kf7 31.Kg3 Nc3 32.Nf2 f5 33.gxf5 exf5 34.Nd3 Be6 35.Nf4 Nd5 36.Nxd5 Bxd5
37.h4 Ra3 38.Rf1 Rc3 39.h5 Ke6 40.Kf4 Rc4+ 41.Kg3 Rc3  1/2-1/2

[Event "ch-ROU w"]
[Site "Baile Olanesti ROU"]
[Date "2010.02.01"]
[Round "2"]
[White "Motoc,A"]
[Black "Foisor,M"]
[Result "1-0"]
[WhiteElo "2349"]
[BlackElo "2145"]

1.d4 Nf6 2.c4 e6 3.Nc3 Bb4 4.f3 c5 5.d5 d6 6.e4 Bxc3+ 7.bxc3 e5 8.Bd3 Qa5
9.Ne2 Nbd7 10.O-O O-O 11.Bg5 h6 12.Bd2 Ne8 13.Qe1 a6 14.a4 Qc7 15.Qg3 Kh7
16.Qh4 Rb8 17.g4 f6 18.f4 exf4 19.e5+ Kg8 20.e6 Ne5 21.Bf5 g5 22.Qxh6 Qg7
23.Qh3 Qh8 24.Qg2 Ng7 25.Bc2 Nxe6 26.dxe6 Bxe6 27.Be4 Bxg4 28.Bd5+ Kg7 29.Bxf4 Qh3
30.Bxe5 Qxg2+ 31.Kxg2 dxe5 32.Ng3 Kg6 33.h3 Bd7 34.Be4+ f5 35.Rad1 Be6 36.Rd6 fxe4
37.Rxe6+ Kg7 38.Re7+  1-0

[Event "8th Gibtelecom Masters"]
[Site "Caleta ENG"]
[Date "2010.02.04"]
[Round "10"]
[White "Montero Melendez,R"]
[Black "Thingstad,E"]
[Result "1-0"]
[WhiteElo "2248"]
[BlackElo "2141"]

1.d4 Nf6 2.c4 e6 3.Nc3 Bb4 4.f3 O-O 5.a3 Bxc3+ 6.bxc3 Nh5 7.Nh3 f5 8.Bg5 Qe8
9.e4 fxe4 10.fxe4 h6 11.Be2 Nf6 12.Bxf6 Rxf6 13.e5 Rf8 14.Bh5 Qe7 15.Qg4 d6
16.Nf4 Qg5 17.O-O Qxg4 18.Bxg4 Nc6 19.Nxe6 Bxe6 20.Bxe6+ Kh7 21.exd6 cxd6
22.Bd5 Na5 23.Rab1 Rxf1+ 24.Kxf1 Rc8 25.Ke2 b6 26.Kd3 Rc7 27.Re1 Rd7 28.Re8 Kg6
29.Re6+ Kf5 30.h3 Nb7 31.g4+ Kf4 32.Bxb7 Rxb7 33.Rxd6 Kg3 34.Rg6 Kxh3 35.d5 Kh4
36.Kd4 h5 37.gxh5 Kxh5 38.Rg1 g5 39.d6 Kg6 40.Kd5  1-0

[Event "8th Gibtelecom Masters"]
[Site "Caleta ENG"]
[Date "2010.02.04"]
[Round "10"]
[White "Perez Reisler,J"]
[Black "Pereira,Joh"]
[Result "0-1"]
[WhiteElo "2001"]
[BlackElo "1892"]

1.c4 Nf6 2.Nc3 e6 3.d4 Bb4 4.f3 d5 5.Qc2 O-O 6.e4 c5 7.a3 Bxc3+ 8.bxc3 dxe4
9.dxc5 Qc7 10.Be3 Nbd7 11.fxe4 Nxc5 12.Bd3 Nxd3+ 13.Qxd3 Rd8 14.Bd4 Qf4 15.e5 Qxe5+
16.Ne2 Qg5 17.h4 Qa5 18.Qg3 e5 19.Bxe5 Ne8 20.h5 Be6 21.Bxg7 Rdc8 22.h6 Rxc4
23.Be5+ Kf8 24.Rh5 f5 25.Nd4 Kf7 26.Nxf5 Re4+ 27.Ne3 Qa4 28.Bg7 Bg4 29.Rg5 Qd7
30.Rxg4 Rxe3+ 31.Qxe3 Qxg4 32.Qf2+ Kg6 33.Rd1 Nxg7 34.hxg7 Re8+ 35.Kd2 Rd8+  0-1

[Event "TCh-FIN 2009-10"]
[Site "Finland FIN"]
[Date "2010.02.13"]
[Round "6"]
[White "Byggmastar,L"]
[Black "Nieminen,K"]
[Result "1-0"]
[WhiteElo "2202"]
[BlackElo "2219"]

1.d4 Nf6 2.c4 e6 3.Nc3 Bb4 4.f3 O-O 5.a3 Bxc3+ 6.bxc3 Ne8 7.e4 b6 8.Bd3 Nc6
9.a4 Ba6 10.Ba3 d6 11.f4 Na5 12.Qe2 c5 13.Nf3 Rc8 14.d5 exd5 15.cxd5 Bxd3
16.Qxd3 Nf6 17.O-O Re8 18.Rfe1 c4 19.Qc2 Nb3 20.Rad1 a6 21.e5 dxe5 22.Rxe5 h6
23.d6 Rxe5 24.fxe5 Nd7 25.Qe4 Qe8 26.Re1 Nf8 27.Qb7 Nd7 28.Qxa6 Nf8 29.Qxb6 Qxa4
30.Bb4 Nd7 31.Qb7 Qc6 32.Qa7 Re8 33.Qe3 Re6 34.h3 Kh8 35.Kh2 Kg8 36.Qf4 Re8
37.Rf1 Rf8 38.Nh4 Kh8 39.Nf5 Qd5 40.Ne7 Qe6 41.Re1 Nbc5 42.Bxc5 Nxc5 43.Qd4 Nd3
44.Re4 Rd8 45.Nc6 Rd7 46.Qxc4  1-0

[Event "9th Aeroflot Open A"]
[Site "Moscow RUS"]
[Date "2010.02.14"]
[Round "6"]
[White "Volkov,Sergey1"]
[Black "Moiseenko,A1"]
[Result "1/2-1/2"]
[WhiteElo "2623"]
[BlackElo "2677"]

1.d4 Nf6 2.c4 e6 3.Nc3 Bb4 4.f3 d5 5.a3 Be7 6.e4 dxe4 7.fxe4 e5 8.d5 O-O
9.Bd3 Bc5 10.Bg5 Bg4 11.Bxf6 Qxf6 12.Qxg4 Qf2+ 13.Kd1 Qxb2 14.Rc1 Be3 15.Rc2 Qa1+
16.Ke2 Bxg1 17.Qf3 f5 18.exf5 Nd7 19.Ne4 Qd4 20.c5 Rxf5 21.Qxf5 Qe3+ 22.Kd1 Qxd3+
23.Rd2 Qb3+ 24.Ke2 Qe3+ 25.Kd1 Rf8 26.Qe6+ Kh8 27.Rxg1 Qxe4 28.Re1 Qb1+ 29.Ke2 Qb5+
30.Kd1 Qb3+ 31.Ke2 Qc4+ 32.Kd1 Qa4+ 33.Rc2 h6 34.d6 Nxc5 35.Qxe5 Qg4+ 36.Qe2 Qd4+
37.Qd2 Nd3 38.Qc3 Qxd6 39.Rd2 Nf2+ 40.Kc1 Qf4 41.Qd4 Qg5 42.Re2 Ng4 43.h3 Rf1+
44.Kb2 Nf6 45.Qd8+ Kh7 46.Qd3+ Kh8 47.Qd8+  1/2-1/2

[Event "BSF 75th Ann."]
[Site "Bronshoj DEN"]
[Date "2010.02.15"]
[Round "1"]
[White "Carstensen,J"]
[Black "Rendboe,J"]
[Result "1/2-1/2"]
[WhiteElo "2317"]
[BlackElo "2247"]

1.d4 Nf6 2.c4 e6 3.Nc3 Bb4 4.f3 d5 5.a3 Bxc3+ 6.bxc3 c5 7.cxd5 Nxd5 8.dxc5 Qa5
9.e4 Nf6 10.Be3 Qxc3+ 11.Kf2 Nc6 12.Ne2 Qa5 13.Qd6 e5 14.Bd2 Qd8 15.Qxd8+ Nxd8
16.Nc3 Ne6 17.Be3 Bd7 18.Nd5 Bc6 19.Bc4 Rd8 20.Rhd1 Nd7 21.Nb4 Ndxc5 22.Rxd8+ Kxd8
23.Rc1 Ba4 24.Bxe6 Nxe6 25.Bxa7 Kd7 26.Nd5 Bc6 27.Rd1 Bxd5 28.Rxd5+ Kc6 29.Rxe5 b6
30.f4 Nxf4 31.Rf5 Ne6 32.Rxf7 h5 33.Re7 Nc5 34.Rxg7 Nxe4+ 35.Ke3 Nd6 36.Rg6 Rd8
37.Kf4 Kb7 38.Rg7+ Kc6 39.Rh7 Nb7 40.Bxb6 Kxb6 41.Rxh5 Nd6 42.g4 Ra8 43.Ke5 Kc6
44.Rh3 Ra5+ 45.Ke6 Ne4 46.Re3 Nc5+ 47.Kf6 Kd6 48.h4 Nd7+ 49.Kg7  1/2-1/2

[Event "TCh-Eur Seniors"]
[Site "Dresden GER"]
[Date "2010.02.15"]
[Round "6"]
[White "Niebling,F"]
[Black "Holscher,P"]
[Result "1-0"]
[WhiteElo "2197"]
[BlackElo "2043"]

1.d4 Nf6 2.c4 e6 3.Nc3 Bb4 4.f3 d5 5.a3 Bxc3+ 6.bxc3 O-O 7.e3 c6 8.Bd3 Nbd7
9.Ne2 e5 10.Ng3 Re8 11.O-O Qc7 12.e4 dxc4 13.Bxc4 b5 14.Bb3 c5 15.d5 c4 16.Bc2 Nc5
17.Bg5 Qd6 18.Rb1 Bd7 19.Qd2 h6 20.Be3 Rac8 21.h3 Qa6 22.Kh2 Nh7 23.f4 exf4
24.Bxf4 Nd3 25.Be3 Ne5 26.Bd4 f6 27.Qf2 Ng5 28.Nf5 Bxf5 29.Qxf5 Rc7 30.Rb4 Ngf7
31.a4 Qd6 32.Kh1 bxa4 33.Rxa4 Qe7 34.Ra6 Nd6 35.Qf4 Nef7 36.Rfa1 Rb8 37.Rxa7 Rxa7
38.Rxa7 Qe8 39.Bc5 Rb7 40.Ra6 Nc8 41.Ba4 Qd8 42.Ra8 Ne5 43.Qf5 Nd7 44.Bc6 Rb8
45.Rxb8 Nxb8 46.Qe6+ Kh7 47.Bb7 Nd7 48.Bb4 Ncb6 49.Ba5 Qb8 50.Qc6 Qa7 51.Bxb6 Nxb6
52.d6 Qa1+ 53.Kh2 Na4 54.d7 Qc1 55.Qd6 Nxc3 56.d8=Q Ne2 57.Q8b6  1-0

[Event "TCh-Eur Seniors"]
[Site "Dresden GER"]
[Date "2010.02.18"]
[Round "9"]
[White "Hajenius,W"]
[Black "Rozov,B"]
[Result "0-1"]
[WhiteElo "2043"]
[BlackElo "2174"]

1.d4 Nf6 2.c4 e6 3.Nc3 Bb4 4.f3 d5 5.a3 Bxc3+ 6.bxc3 c5 7.cxd5 exd5 8.e3 O-O
9.Bd3 b6 10.Ne2 Ba6 11.O-O Re8 12.Ng3 Bxd3 13.Qxd3 Nc6 14.Bd2 Qd7 15.Rad1 Rad8
16.Bc1 Re6 17.dxc5 bxc5 18.Qb5 Qe7 19.Nf5 Qf8 20.e4 dxe4 21.Rxd8 Qxd8 22.Qxc5 exf3
23.gxf3 Qd3 24.Bh6 Nd7  0-1

[Event "BSF 75th Ann."]
[Site "Bronshoj DEN"]
[Date "2010.02.19"]
[Round "7"]
[White "Carstensen,J"]
[Black "Brinck Claussen,B"]
[Result "1/2-1/2"]
[WhiteElo "2317"]
[BlackElo "2300"]

1.d4 Nf6 2.c4 e6 3.Nc3 Bb4 4.f3 O-O 5.e4 d5 6.e5 Nfd7 7.cxd5 exd5 8.f4 c5
9.a3 Ba5 10.Nf3 Nc6 11.Be3 cxd4 12.Nxd4 Bxc3+ 13.bxc3 Qa5 14.Rc1 Nc5 15.Nb5 Na4
16.Bd2 Nb2 17.Qb3 Nc4 18.Bxc4 dxc4 19.Qxc4 a6 20.Nd4 Qxa3 21.O-O Bd7 22.Rfe1 Rac8
23.Qf1 Rfe8 24.Be3 Nxd4 25.Bxd4 Bf5 26.Qf3 Rc6 27.h3 Rg6 28.Kh2 Bd7 29.Rc2 Bc6
30.Qe3  1/2-1/2

[Event "4NCL 2009-10"]
[Site "Hinckley Island ENG"]
[Date "2010.02.21"]
[Round "6"]
[White "Poobalasingam,P"]
[Black "Spencer,C"]
[Result "1-0"]
[WhiteElo "2312"]
[BlackElo "2136"]

1.d4 e6 2.c4 Nf6 3.Nc3 Bb4 4.f3 c5 5.d5 b5 6.e4 bxc4 7.dxe6 fxe6 8.Bxc4 d5
9.Bb5+ Bd7 10.Bxd7+ Nbxd7 11.exd5 exd5 12.a3 Ba5 13.Ne2 d4 14.b4 Bb6 15.Na4 O-O
16.bxc5 Nxc5 17.Nxb6 Qxb6 18.Qxd4 Rad8 19.Qc4+ Kh8 20.Be3 Qa5+ 21.Kf1 Nd3
22.Bd4 Rxd4 23.Nxd4 Qd2 24.Qc2 Qe3 25.Rd1 Ne5 26.Qe2 Nfg4 27.h3 Qh6 28.Nf5 Qf4
29.hxg4 Nxg4 30.Qe4 Qxf5 31.Qxf5 Ne3+ 32.Kf2 Nxf5 33.Rd7  1-0

[Event "Reykjavik Open"]
[Site "Reykjavik ISL"]
[Date "2010.02.26"]
[Round "3"]
[White "Carstensen,J"]
[Black "Grandelius,N"]
[Result "1/2-1/2"]
[WhiteElo "2317"]
[BlackElo "2515"]

1.d4 Nf6 2.c4 e6 3.Nc3 Bb4 4.f3 d5 5.a3 Bxc3+ 6.bxc3 c5 7.cxd5 Nxd5 8.dxc5 f5
9.Nh3 Qa5 10.Nf4 Nc6 11.Nxd5 exd5 12.Qd3 O-O 13.f4 Be6 14.Be3 d4 15.Bxd4 Nxd4
16.Qxd4 Rac8 17.h4 Rxc5 18.Rh3 Rd8 19.Qb4 Qc7 20.Rd1 Rxd1+ 21.Kxd1 a5 22.Qb2 Qxf4
23.Ke1 Qc7 24.Qd2 Qe7 25.Rd3 Qxh4+ 26.g3 Qe7 27.Bg2 Re5 28.c4 h6 29.Bd5 Kh7
30.Qb2 Bc8 31.Kd1 h5 32.Bf3 g6 33.Rd5 Re3 34.Qd4 Rxa3 35.Rd8 Qg7 36.Qxg7+ Kxg7
37.Rxc8 b6 38.Rc7+ Kh6 39.Kc2 Ra4 40.Bd5 Rb4 41.Bf7 a4 42.Bd5  1/2-1/2

[Event "XIV Vasconcellos Mem"]
[Site "Brasilia BRA"]
[Date "2010.03.10"]
[Round "4"]
[White "Aguiar,L"]
[Black "Barbosa,E"]
[Result "1/2-1/2"]
[WhiteElo "2059"]
[BlackElo "2365"]

1.d4 Nf6 2.c4 e6 3.Nc3 Bb4 4.f3 b6 5.Bg5 h6 6.Bh4 Ba6 7.e4 Bxc3+ 8.bxc3 d6
9.Bxf6 Qxf6 10.Qa4+ c6 11.Rb1 O-O 12.g3 e5 13.Rd1 c5 14.Kf2 cxd4 15.cxd4 exd4
16.Ne2 Bb7 17.Qc2 Re8 18.Kg2 Nc6 19.Qd2 d3 20.Nc3 Ne5 21.Qf2 Nxc4 22.Rxd3 Rac8
23.Nd5 Bxd5 24.Rxd5 Ne5 25.Bb5 Red8 26.Re1 Rc5 27.Red1 Rc3 28.Be2 Rc2 29.R1d2 Rxd2
30.Rxd2 Nd7 31.Qe1 Nc5 32.Qd1 Qe6 33.Rd5 Rd7 34.Bb5 Rc7 35.Be2 a6 36.Qd2 Rd7
37.Qd4 Qe7 38.Bd1 Qd8 39.Be2 Qc7 40.f4 Re7 41.Bf3 Nb7 42.Qd2 b5 43.g4 Qc8
44.h4 Rc7 45.Kg3 Rc2 46.Qe3 Qc3 47.Rd3 Qc5 48.e5 Qxe3 49.Rxe3 d5 50.Bxd5 Nc5
51.f5 Kf8 52.f6 Rd2 53.Bf3 b4 54.Re1 a5 55.Rc1 Ne6 56.Rc6 gxf6 57.exf6 Ke8
58.Ra6 Rxa2 59.Ra8+ Kd7 60.Ra7+ Kd6 61.Rxf7 Ke5 62.Rh7 Kxf6 63.Rxh6+ Ke7
64.Rh7+ Kf8 65.Rb7 Ra3 66.Kf2 Nc5 67.Rb5 Nd3+ 68.Ke2 Nf4+ 69.Kf2 Nd3+ 70.Ke2 Nc1+
71.Kf2 b3 72.h5 b2 73.h6 Rb3 74.Rf5+ Ke7 75.Be4 a4 76.h7 Rb8  1/2-1/2

[Event "11th EICC Women"]
[Site "Rijeka CRO"]
[Date "2010.03.11"]
[Round "6"]
[White "Cherednichenko,S"]
[Black "Worek,J"]
[Result "0-1"]
[WhiteElo "2337"]
[BlackElo "2245"]

1.d4 Nf6 2.c4 e6 3.Nc3 Bb4 4.f3 d5 5.Bg5 Nc6 6.a3 Be7 7.e3 O-O 8.Bd3 dxc4
9.Bxc4 Nd5 10.Bxe7 Ncxe7 11.Nxd5 exd5 12.Bd3 Bf5 13.Ne2 Qd6 14.O-O Bg6 15.Rc1 c6
16.Nf4 Rfe8 17.Re1 Rac8 18.b4 Bxd3 19.Qxd3 a6 20.Rc5 g6 21.Qd2 Nf5 22.a4 Qf6
23.Re2 Kg7 24.g3 h5 25.Qe1 h4 26.g4 Nd6 27.Rcc2 Nc4 28.Kg2 Rc7 29.Nh3 Rce7
30.g5 Qf5 31.e4 dxe4 32.fxe4 Rxe4 33.Rxe4 Rxe4 34.Re2 Qg4+ 35.Kf2 Qf5+ 36.Kg1 Rg4+
37.Rg2 Rxg2+ 38.Kxg2 Qg4+ 39.Kf2 Qxh3 40.Qe7 Qxh2+ 41.Kf3 Nd2+ 42.Ke3 Nf1+
43.Kf3 Qh3+ 44.Ke2 Qg2+ 45.Ke1 Ng3  0-1

[Event "Bunratty Masters"]
[Site "Bunratty IRL"]
[Date "2010.03.20"]
[Round "2"]
[White "Moran,S"]
[Black "Astaneh Lopez,A"]
[Result "0-1"]
[WhiteElo "1992"]
[BlackElo "2367"]

1.d4 Nf6 2.c4 e6 3.Nc3 Bb4 4.f3 d5 5.a3 Bxc3+ 6.bxc3 O-O 7.e3 b6 8.Bd3 Ba6
9.cxd5 Bxd3 10.Qxd3 exd5 11.Ne2 c5 12.O-O Re8 13.Re1 Nc6 14.a4 Na5 15.Ng3 Rc8
16.e4 cxd4 17.cxd4 dxe4 18.fxe4 Nc6 19.Rd1 Nb4 20.Qb1 Rc4 21.Qb3 Rxd4 22.Bb2 Nd3
23.Nf5 Rd7 24.Bxf6 Qxf6 25.Ra3 Rxe4 26.Rxd3 Qxf5  0-1

[Event "Doeberl Cup"]
[Site "Canberra AUS"]
[Date "2010.04.01"]
[Round "2"]
[White "Jones,G"]
[Black "Ly,Mo"]
[Result "1/2-1/2"]
[WhiteElo "2554"]
[BlackElo "2340"]

1.d4 Nf6 2.c4 e6 3.Nc3 Bb4 4.f3 d5 5.a3 Bxc3+ 6.bxc3 O-O 7.e3 c5 8.cxd5 exd5
9.Bd3 b6 10.Ne2 Re8 11.O-O Ba6 12.Bxa6 Nxa6 13.Ng3 Nc7 14.a4 Ne6 15.Bb2 h5
16.e4 h4 17.Nf5 dxe4 18.fxe4 Nxe4 19.d5 N6g5 20.c4 f6 21.Qh5 Qd7 22.Qxh4 Nd2
23.Rf4 Re4 24.Qg4 Qe8 25.Qg3 Rxf4 26.Qxf4 Qe2 27.Qc7 Nf7 28.Qg3 Ng5 29.Qc7 Nf7
30.Bxf6 gxf6 31.Qg3+ Ng5 32.Qc7 Nf7 33.Qg3+ Ng5 34.Qc7 Nf7  1/2-1/2

[Event "III Montalvo Mem"]
[Site "Gran Canaria ESP"]
[Date "2010.04.04"]
[Round "9"]
[White "Capote Robayna,N"]
[Black "Gonzalez Garcia,G"]
[Result "0-1"]
[WhiteElo "1933"]
[BlackElo "2217"]

1.d4 Nf6 2.c4 e6 3.Nc3 Bb4 4.f3 c5 5.d5 exd5 6.cxd5 d6 7.e4 O-O 8.Bd3 Re8
9.Ne2 a6 10.O-O b5 11.Be3 Nbd7 12.Ng3 Bxc3 13.bxc3 Nxd5 14.exd5 Rxe3 15.Nf5 Re8
16.Nxd6 Rf8 17.Bf5 Nb6 18.Bxc8 Qxd6 19.Bb7 Ra7 20.Bc6 Rd8 21.Re1 h6 22.Qd3 Qxc6
23.dxc6 Rxd3 24.Re8+ Kh7 25.Rb8 Nd5 26.Rb7 Ra8 27.Rxf7 Rc8 28.Re1 Rxc6 29.Re8 Kg6
30.Ra7 Re3 31.Rg8 Re7 32.Raa8 Nxc3  0-1